| 000 | 00588nam a22001817a 4500 | ||
|---|---|---|---|
| 005 | 20141110111315.0 | ||
| 008 | 141110b xxu||||| |||| 00| 0 eng d | ||
| 020 | _a9789814416337 | ||
| 050 |
_aQA 76.76.J38 _b.M468 2014 |
||
| 100 | _aMayfield, Blayne. | ||
| 245 |
_aJava programming : _bfrom problem analysis to program design / _cBlayne Mayfield. |
||
| 250 | _a3rd ed. | ||
| 260 |
_aPasig City, Philippines : _bCENGAGE Learning, _cc2014. |
||
| 300 |
_a321 pages : _billustrations ; _c25 cm. |
||
| 521 | _aInformation Technology | ||
| 650 | _aJava programming. | ||
| 942 |
_2lcc _cBK _kLOC |
||
| 999 |
_c276751 _d276751 |
||